Statistics for Currencies of East & Southeast Asia on a Map

Click here to take the quiz!

General Stats

  • This quiz has been taken 46 times
  • The average score is 12 of 17

Answers on the Map

Answers color-coded by a green-red scale on the quiz's map according to % correct below.
 

Answer Stats

Country% Correct
Japanese yen
100%
Renminbi
100%
Cambodian riel, United States dollar
97%
Brunei dollar, Singapore dollar
94%
New Taiwan dollar
94%
Singapore dollar, Brunei dollar
94%
United States dollar
94%
North Korean won
84%
South Korean won
84%
Indonesian rupiah
71%
Thai baht
71%
Philippine peso
68%
Vietnamese đồng
65%
Malaysian ringgit
45%
Mongolian tögrög
29%
Lao kip
26%
Burmese kyat
19%

Score Distribution

Percentile by Number Answered

Percent of People with Each Score

Your Score History

You have not taken this quiz